Statistics for Countries of Europe by their Oldest Company

Click here to take the quiz!

General Stats

  • This quiz has been taken 49 times
  • The average score is 17 of 39

Answer Stats

CompanyYearCountry% Correct
National Bank of Liechtenstein1861Liechtenstein
97%
HSCB Bank Malta1882Malta
91%
Monnaie de Paris864France
88%
CTT-Correios de Portugal Sa1520Portugal
88%
Posten Norge1647Norway
85%
Casa de Ganaderos1218Spain
82%
The Royal Mint886United Kingdom
79%
Munke Mølle1135Denmark
74%
Marinelli Bell Foundry1040Italy
71%
Sarajevska Pevara1864Bosnia and Herzegovina
68%
Skyllbergs Bruk1346Sweden
68%
Sean's Bar900Ireland
62%
Kraljevica Shipyard1729Croatia
59%
Petrodvorets Watch Factory1721Russia
59%
Staffelter Hof Winery862Germany
56%
Pošta Crne Gore1841Montenegro
50%
Traditional Kafenio of Emmanouil Forlidas1785Greece
47%
Affligem Brewery1074Belgium
41%
Fiskars1649Finland
38%
Meridian Corporation1999Kosovo
32%
Gostilna Gastuž1467Slovenia
32%
Pivovar Broumov1348Czech Republic
29%
Bochnia Salt Mine1248Poland
29%
AndBank1930Andorra
26%
St Peter Stifts Kulinarium803Austria
26%
Gasthof Sternen1230Iceland
26%
Tutunski Kombinat Prilep1873North Macedonia
26%
Drohobych Salt Plant1250Ukraine
26%
Raeapteek1422Estonia
24%
The Brand Brewery1340Netherlands
21%
Ursus Breweries1878Romania
18%
Apatin Brewery1756Serbia
18%
Zwack1790Hungary
15%
Césu Alus1590Latvia
15%
Gubernija1665Lithuania
15%
Mousel1511Luxembourg
15%
Kremnica Mint1328Slovakia
15%
Arsenal AD1878Bulgaria
12%
Olivaria Brewery1864Belarus
9%

Score Distribution

Percentile by Number Answered

Percent of People with Each Score

Your Score History

You have not taken this quiz